| 000 | 00737nam a22001697a 4500 | ||
|---|---|---|---|
| 005 | 20090803120939.0 | ||
| 008 | 090803t xxu||||| |||| 00| 0 eng d | ||
| 080 |
_a57:615.27 _bREN |
||
| 100 |
_aRenuka, T.R. _91494 |
||
| 245 | _aMuscarinic M1 and M3 receptor gene expression during pancreatic regeneration and insulin seretion in rats | ||
| 300 | _a130p. | ||
| 653 |
_aBiological Science in General _aAgents affecting metabolism and cell Functions _aGuide : Paulose, C.S. |
||
| 942 | _cTH | ||
| 260 |
_aKochi _bDept. of Bio-Technology - CUSAT _c2003 _91495 |
||
| 500 | _aThesis (Ph.D) CUSAT 2003 Guide : Paulose, C.S. | ||
| 952 |
_w2009-08-03 _pG0008547 _r2009-08-03 _40 _00 _bUL _10 _o57:615.27 REN _d2009-08-03 _70 _2udc _yTH _aUL |
||
| 999 |
_c2046 _d2046 |
||